Perspective on human rights in India / (Record no. 15252)

MARC details
000 -LEADER
fixed length control field 00893nam a2200253 a 4500
001 - CONTROL NUMBER
control field ENG-90842
005 - DATE AND TIME OF LATEST TRANSACTION
control field 20071231103130.0
008 - FIXED-LENGTH DATA ELEMENTS--GENERAL INFORMATION
fixed length control field 080901t xxu||||| |||| 00| 0 eng d
010 ## - LIBRARY OF CONGRESS CONTROL NUMBER
LC control number ENG-90842
020 ## - INTERNATIONAL STANDARD BOOK NUMBER
Terms of availability 950.00
International Standard Book Number 8190422952
035 ## - SYSTEM CONTROL NUMBER
System control number EN-74375
037 ## - SOURCE OF ACQUISITION
Source of stock number/acquisition DBAD / PUB
040 ## - CATALOGING SOURCE
Original cataloging agency DPL
082 ## - DEWEY DECIMAL CLASSIFICATION NUMBER
Classification number 323.0954
100 ## - MAIN ENTRY--PERSONAL NAME
Personal name Sharma, Sita Ram
245 ## - TITLE STATEMENT
Title Perspective on human rights in India /
Statement of responsibility, etc by Sita Ram Sharma
260 ## - PUBLICATION, DISTRIBUTION, ETC. (IMPRINT)
Place of publication, distribution, etc Jaipur
Name of publisher, distributor, etc Agarwal Publishing Houes
Date of publication, distribution, etc 2007
270 ## - ADDRESS
Address 1885, Shukhlala Vyas Ki Gali, Nataniyon Ka Rasta,
City Jaipur
Postal code 302003
300 ## - PHYSICAL DESCRIPTION
Extent 424p.
Dimensions 23 cm (Hb)
650 ## - SUBJECT ADDED ENTRY--TOPICAL TERM
Topical term or geographic name as entry element Civil rights
Geographic subdivision India
650 ## - SUBJECT ADDED ENTRY--TOPICAL TERM
Topical term or geographic name as entry element Human rights
Geographic subdivision India
942 ## - ADDED ENTRY ELEMENTS (KOHA)
Source of classification or shelving scheme Dewey Decimal Classification
Koha item type English Books
Classification part 323.0954
Call number suffix SHA
Holdings
Withdrawn status Lost status Damaged status Not for loan Collection code Home library Current library Date acquired Cost, normal purchase price Total Checkouts Full call number Barcode Date last seen Copy number Cost, replacement price Price effective from Koha item type
      Not For Loan Non-fiction D.B.Act.Division D.B.Act.Division 02/09/2008 950.00   323.0954 SHA EN-74375 15/09/2008 1 950.00 15/09/2008 English Books

© Delhi Public Library
Hit Counter
free hit counter